Diccionario de sociología

Saved in:
Bibliographic Details
Main Authors: Demarchi, Franco (Author), Ellena, Aldo (Author)
Format: Book
Language:Spanish
Published: Madrid Paulinas 1986
Series:Colección Diccionarios EP
Subjects:
Tags: Add Tag
No Tags, Be the first to tag this record!

MARC

LEADER 00000nam a2200000 a 4500
001 UCW3521
003 CL-VaPUC
008 881026e19860000SP |||||||||||||||||spa|d
082 0 4 |a 301.03  |b DEM  |2 21 
100 0 |a Demarchi, Franco  |e author  |9 307755 
700 0 |a Ellena, Aldo  |e author  |9 307756 
245 1 0 |a Diccionario de sociología 
300 |a 1838 p 
942 |c BK 
945 |d 19881026 00:00:00 
260 |a Madrid  |b Paulinas  |c 1986 
650 7 |a SOCIOLOGIA DICCIONARIOS  |2 CL-VaPUC  |9 307757 
583 |a last modification  |c 19881026 00:00:00  |k Rodrigo Vera 
490 0 |a Colección Diccionarios EP 
999 |c 217490  |d 217488 
952 |0 0  |1 0  |4 0  |6 301_030000000000000_DEM_1986  |7 0  |8 X  |9 205190  |a BIBEDU  |b BIBEDU  |d 2019-11-15  |i 2731371  |o 301.03 DEM 1986  |p 2731371  |r 2023-01-13  |w 2019-11-15  |y BK_X  |k EDU